Trak systems. Optimálne prevádzkové systémy.

Gespeichert in:
Bibliographische Detailangaben
Körperschaften: HOPPECKE Batterien GmbH & Co. KG (Brilon-Hoppecke) (VerfasserIn), HOPPECKE Batterien, s.r.o. (Partizánske) (ZusammenstellendeR)
Format: Buch
Sprache:Slowakisch
Veröffentlicht: [S.l.] : [s.n.], 2007
Ausgabe:[1. vyd.]
Schlagworte:
Online-Zugang: Volltext
Tags: Tag hinzufügen
Keine Tags, Fügen Sie den ersten Tag hinzu!

MARC

LEADER 00000nam a2200000 4500
003 SK-BrCVT
005 20220621163106.0
008 070814s2007 gw e ||||||slo d
035 |a CVTIDW1412217 
040 |b slo  |a CVTI SR  |e AACR2 
041 0 |a slo 
044 |a gw 
080 |a 621.354  |2 UDC-MRF 
110 2 |a HOPPECKE Batterien GmbH & Co. KG (Brilon-Hoppecke)  |4 aut 
245 1 0 |a Trak systems. Optimálne prevádzkové systémy. 
250 |a [1. vyd.] 
260 |a [S.l.] :  |b [s.n.],  |c 2007 
300 |a [8 s.] :  |b obr., tab. ; 
653 1 |a nabíjanie  |a batéria 
710 2 |a HOPPECKE Batterien, s.r.o. (Partizánske)  |4 com 
910 |b F027294 
959 |a 4313 
974 |f Firemná literatúra 
992 |a FFP 
999 |c 154434  |d 154434